10 plus grandes villes de Grèce - Statistiques

Statistiques générales
  • Ce quiz a été pris 72 fois
  • Le résultat moyen est 3 sur 10
Statistiques - réponses
Population Périphérie Réponse % Correct
643 452 Attique Athènes
100%
309 617 Macédoine-Centrale Thessalonique
78%
149 501 Crète Héraklion
51%
168 151 Attique Le Pirée
46%
170 755 Grèce-Occidentale Patras
25%
146 595 Thessalie Larissa
18%
92 248 Macédoine-Centrale Kalamariá
6%
97 616 Attique Kallithéa
6%
133 630 Attique Peristéri
4%
100 857 Attique Acharnés
1%
Aucun quiz correspondant
Distribution des résultats
% des personnes avec chaque résultat
Percentile par nombre de réponses
Votre historique - résultats
Vous n’avez pas pris ce quiz